000 00538nam a2200181 i 4500
082 0 4 _a537
_bCHA
_cL-6 P-2
100 1 _aChampion, F. C.
_939739
245 1 0 _aUniversity physics /
_cby F. C. Champion.
250 _a[Rev. one-volume ed.]
260 _aLondon :
_bBlackie & sons, ltd.,
_c1960.
300 _a786 p. :
_bill.
_c23 cm.
500 _a"First published in parts 1939.
526 _a0
_b0
_c0
_d537_000000000000000_CHA
526 _a0
_b0
_c0
_d537_000000000000000_CHA
650 0 _aMCE
_9379
650 0 _aPhysics
942 _2ddc
_cBK
999 _c544402
_d544402